Designing embedded systems with PIC microcontrollers (Record no. 134512)
[ view plain ]
| 000 -LEADER | |
|---|---|
| fixed length control field | 01336nam a2200337Ia 4500 |
| 082 04 - DEWEY DECIMAL CLASSIFICATION NUMBER | |
| Classification number | 004.16 |
| 100 1# - MAIN ENTRY--AUTHOR NAME | |
| Personal name | Wilmshurst, Tim. |
| 245 10 - TITLE STATEMENT | |
| Title | Designing embedded systems with PIC microcontrollers |
| 250 ## - EDITION STATEMENT | |
| Edition statement | 1st ed. |
| 260 ## - PUBLICATION, DISTRIBUTION, ETC. (IMPRINT) | |
| Place of publication | Amsterdam ; |
| -- | Boston ; |
| -- | London : |
| Name of publisher | Newnes, |
| Year of publication | 2007. |
| 300 ## - PHYSICAL DESCRIPTION | |
| Number of Pages | xxiii, 556 p. : |
| Other physical details | ill. |
| 650 #0 - SUBJECT ADDED ENTRY--TOPICAL TERM | |
| Topical Term | Embedded computer systems |
| Topical Term | Microprocessors |
| 856 40 - ELECTRONIC LOCATION AND ACCESS | |
| Uniform Resource Identifier | http://site.ebrary.com/lib/rucke/Doc?id=10158407 |
No items available.
